[Event "2006 Standard Chess Dropout Tournament, Round 1"]
[Site "SchemingMind.com"]
[Date "2005.11.21"]
[Round "1"]
[White "simon_w"]
[Black "Ryan"]
[Result "0-1"]
[WhiteCountry "IRL"]
[BlackCountry "NED"]
[WhiteElo "1615"]
[WhiteRD "92"]
[BlackElo "2048"]
[BlackRD "98"]
[GameID "31051"]

1. e4 c5 2. Bc4 e6 3. Nc3 a6 4. a4 Nc6 5. Nf3 Nf6 6. d3 d5 7. exd5 exd5 8. Bb3 Be7 9. d4 O-O 10. h3 c4
11. Ba2 Ne4 12. O-O Nxc3 13. bxc3 Bd6 14. Bg5 f6 15. Be3 Qe8 16. Bxc4 dxc4 17. Re1 Qh5 18. d5 Ne5 19. Nxe5 Qxe5 20. g3 Qxc3
21. Kg2 Bf5 22. Re2 Rfe8 23. Rb1 b5 24. Bc5 Bxc5 25. d6 Qd4 26. Rxe8+ Rxe8 27. Qxd4 Bxd4 28. axb5 axb5 29. Rxb5 Bxc2 30. Rb4 Be4+
31. Kh2 Bd5 32. Rb5 c3 33. d7 Rd8 34. Rxd5 c2 35. Rxd4 c1=Q 36. Re4 Rxd7
0-1

[Event "2006 Standard Chess Dropout Tournament, Round 1"]
[Site "SchemingMind.com"]
[Date "2005.11.21"]
[Round "1"]
[White "surfnsuds"]
[Black "pedrinho"]
[Result "0-1"]
[WhiteCountry "USA"]
[BlackCountry "GBR"]
[WhiteElo "1365"]
[WhiteRD "94"]
[BlackElo "1946"]
[BlackRD "202"]
[GameID "31052"]

1. d4 Nf6 2. f3 e6 3. e4 d5 4. Nc3 Bb4 5. e5 Nfd7 6. Nh3 c5 7. Bf4 cxd4 8. Bb5 dxc3 9. b3 O-O 10. a3 Be7
11. O-O Qb6+ 12. Nf2 Qxb5 13. Qd4 f6 14. Qxc3 fxe5 15. Bxe5 Nxe5 16. Qxe5 Bf6 17. Qe1 Bxa1 18. Qxa1 Nc6 19. Nd3 Bd7 20. g3 e5
21. a4 Qb6+ 22. Kg2 Rac8 23. Nxe5 Nxe5 24. Qxe5 Rxc2+ 25. Kh1 Bh3 26. Qxd5+ Kh8 27. Rd1 Bg2#
0-1

[Event "2006 Standard Chess Dropout Tournament, Round 1"]
[Site "SchemingMind.com"]
[Date "2005.11.22"]
[Round "1"]
[White "suruat"]
[Black "teban"]
[Result "0-1"]
[WhiteCountry "INT"]
[BlackCountry "CAN"]
[WhiteElo "1734"]
[WhiteRD "81"]
[BlackElo "1734"]
[BlackRD "128"]
[GameID "31053"]

1. e4 e5 2. Nf3 Nc6 3. d4 exd4 4. Nxd4 Bc5 5. Be3 Qf6 6. c3 Nge7 7. Be2 d5 8. Nb5 Bxe3 9. fxe3 Qe5 10. exd5 Nxd5
11. Qxd5 Qxe3 12. Nxc7+ Kf8 13. Rf1 Qc1+ 14. Kf2 Qf4+ 15. Kg1 Qxc7 16. Bc4 Nd8 17. Qb5 Be6 18. Nd2 g6 19. Rae1 Kg7 20. Bxe6 Nxe6
0-1

[Event "2006 Standard Chess Dropout Tournament, Round 1"]
[Site "SchemingMind.com"]
[Date "2005.11.21"]
[Round "1"]
[White "swayne"]
[Black "TheTiger"]
[Result "1-0"]
[WhiteCountry "ENG"]
[BlackCountry "GBR"]
[WhiteElo "1524"]
[WhiteRD "81"]
[BlackElo "1265"]
[BlackRD "228"]
[GameID "31054"]

1. e4 g6 2. d4 d5 3. e5 c5 4. Bb5+ Bd7 5. Nc3 a6 6. Ba4 e6 7. Nf3 b5 8. Bb3 c4 9. Bxc4 bxc4 10. a3 Qa5
11. O-O Nc6 12. Bd2 Bh6 13. Ne4 Qc7 14. Nd6+ Ke7 15. c3 Na5 16. Ng5 Rf8 17. Qf3 Nb3 18. Rad1 f6 19. exf6+ Nxf6 20. Qg3 Nxd2
21. Nf5+ gxf5 22. Qxc7 Bxg5 23. Rfe1 Nfe4 24. f3 Rc8 25. Qe5 Rhg8 26. fxe4 Nf3+ 27. gxf3 Bf4+ 28. Kf2 Bxe5 29. dxe5 Rg6 30. exd5 Rcg8
31. Ke3 exd5 32. Rxd5 Rf8 33. f4 Bc6 34. Rc5 Rb8 35. Re2 Rb3 36. Rd2 Rh6 37. Rxc4 Rh3+ 38. Kd4 Be4 39. Rc7+ Ke6 40. Kc4 Rb6
41. Kc5 Rb5+ 42. Kc4 Bd5+ 43. Rxd5 Rxd5 44. Rc6+ Kd7 45. Kxd5 Rxh2 46. e6+ Ke7 47. Ke5 Rxb2 48. Rxa6 h5 49. Ra7+ Ke8 50. Rh7 Rb5+=
51. Kf6 Kd8 52. e7+ Kd7 53. Rh8 Rb6+ 54. Kf7 Re6 55. Rd8+ Kc6 56. Kxe6 h4 57. e8=Q+ Kc5 58. Qh5 Kc4 59. Qxh4 Kxc3 60. Kxf5 Kb2
61. Qf2+ Kc1 62. a4 Kb1 63. Rd1#
1-0

[Event "2006 Standard Chess Dropout Tournament, Round 1"]
[Site "SchemingMind.com"]
[Date "2005.11.21"]
[Round "1"]
[White "sythymesnos"]
[Black "Ron"]
[Result "1-0"]
[WhiteCountry "FRA"]
[BlackCountry "ENG"]
[WhiteElo "1894"]
[WhiteRD "68"]
[BlackElo "1019"]
[BlackRD "109"]
[GameID "31055"]

1. e4 e5 2. f4 exf4 3. Nf3 Nc6 4. Bc4 d6 5. O-O Bg4 6. c3 Bxf3 7. Qxf3 Na5 8. Bxf7+ Kxf7 9. Qh5+ g6 10. Rxf4+ Nf6
11. Qxa5 b6 12. Qa4 Be7 13. d4 Kg7 14. Qb3 Rf8 15. Rh4 Nh5 16. Rh3 Nf4 17. Re3 Bg5 18. Na3
1-0

[Event "2006 Standard Chess Dropout Tournament, Round 1"]
[Site "SchemingMind.com"]
[Date "2005.11.21"]
[Round "1"]
[White "teban"]
[Black "ThinManFrank"]
[Result "1-0"]
[WhiteCountry "CAN"]
[BlackCountry "PUR"]
[WhiteElo "1761"]
[WhiteRD "126"]
[BlackElo "1566"]
[BlackRD "148"]
[GameID "31056"]

1. d4 d5 2. c4 dxc4 3. Nf3 Nf6 4. e3 e6 5. Bxc4 c5 6. O-O a6 7. a4 Nc6 8. Qe2 cxd4 9. Rd1 Be7 10. exd4 O-O
11. Nc3 Nd5 12. Ne5 Nxc3 13. bxc3 Nxe5 14. dxe5 Qc7 15. Qe4 Bd7 16. Bd3 g6 17. Bd2 Bc6 18. Qe2 Rac8 19. a5 Rfd8 20. c4 Rd7
21. Qe3 Rcd8 22. Bc3
1-0

[Event "2006 Standard Chess Dropout Tournament, Round 1"]
[Site "SchemingMind.com"]
[Date "2005.11.24"]
[Round "1"]
[White "the gadget"]
[Black "Thomas Payne"]
[Result "1-0"]
[WhiteCountry "ENG"]
[BlackCountry "ENG"]
[WhiteElo "2020"]
[WhiteRD "92"]
[BlackElo "1381"]
[BlackRD "96"]
[GameID "31057"]

1. e4 e5 2. Nf3 Nc6 3. Bb5 a6 4. Ba4 b5 5. Bb3 Bd6 6. d4 Nf6 7. dxe5 Nxe5 8. Nxe5 Bxe5 9. f4 Bxf4 10. Bxf4 Nxe4
11. Qd5 Qf6 12. Qxe4+ Qe7 13. Qxe7+ Kxe7 14. Bxc7 Bb7 15. O-O Rhf8 16. Nc3 Rac8 17. Rae1+ Be4 18. Rxe4#
1-0

[Event "2006 Standard Chess Dropout Tournament, Round 1"]
[Site "SchemingMind.com"]
[Date "2005.11.21"]
[Round "1"]
[White "TheTiger"]
[Black "roscoe"]
[Result "0-1"]
[WhiteCountry "GBR"]
[BlackCountry "USA"]
[WhiteElo "1162"]
[WhiteRD "164"]
[BlackElo "1395"]
[BlackRD "93"]
[GameID "31058"]

1. c4 c5 2. g3 Nf6 3. Bh3 d6 4. d3 h6 5. a4 e5 6. Nc3 Be7 7. e4 O-O 8. Bf5 Nc6 9. g4 Nd4 10. g5 Nxf5
11. exf5 Bxf5 12. gxf6 Bxf6 13. Nd5 Bg5 14. Bxg5 Qxg5 15. Nf3 Qg2 16. Nf6+ gxf6 17. Kd2 Qxf2+ 18. Qe2 Qxe2+ 19. Kxe2 Kh7 20. Rhg1 Rg8
21. Rgf1 Bh3 22. Nh4 Bxf1+ 23. Kxf1 Rg4 24. Nf3 Rf4 25. Kf2 Rg8 26. Ke3 h5 27. Nd2 f5 28. b4 b6 29. a5 Rg2 30. axb6 axb6
31. b5 Rxh2 32. Ra6 Rh3+ 33. Ke2 Rg4 34. Rxb6 Rg2+ 35. Kd1 Rh1+ 36. Kc2 Rhh2 37. d4 Rxd2+ 38. Kc3= Rxd4 39. Ra6 Rh3+ 40. Kb2 Rxc4
41. b6 Rb4+ 42. Kc2 e4 43. Kd2 Rd3+ 44. Ke2 Rb2+ 45. Ke1 e3 46. b7 Rxb7 47. Ke2 c4 48. Kf3 Kg6 49. Ra4 Rb2
0-1

[Event "2006 Standard Chess Dropout Tournament, Round 1"]
[Site "SchemingMind.com"]
[Date "2005.11.21"]
[Round "1"]
[White "thinkfirst29"]
[Black "swayne"]
[Result "1-0"]
[WhiteCountry "USA"]
[BlackCountry "ENG"]
[WhiteElo "1656"]
[WhiteRD "70"]
[BlackElo "1524"]
[BlackRD "81"]
[GameID "31059"]

1. e4 e5 2. Nf3 Nc6 3. Bc4 h6 4. d4 exd4 5. Nxd4 Ne5 6. Qe2 d6 7. b3 Bg4 8. f3 Bh5 9. Bb2 Nf6 10. Nc3 Be7
11. O-O-O O-O 12. Nf5 a6 13. Nd5 Nxd5 14. Bxd5 c6 15. Bxe5 cxd5 16. Rxd5 f6 17. Nxe7+ Qxe7 18. Bxd6 Qf7 19. Bxf8 Rxf8 20. Rhd1 b5
21. Rd7 Qg6 22. g4 Bxg4 23. fxg4 Qg5+ 24. Kb1
1-0

[Event "2006 Standard Chess Dropout Tournament, Round 1"]
[Site "SchemingMind.com"]
[Date "2005.11.23"]
[Round "1"]
[White "ThinManFrank"]
[Black "qhalid"]
[Result "0-1"]
[WhiteCountry "PUR"]
[BlackCountry "USA"]
[WhiteElo "1566"]
[WhiteRD "148"]
[BlackElo "2014"]
[BlackRD "93"]
[GameID "31060"]

1. d4 Nf6 2. c4 e6 3. Nc3 Bb4 4. Qc2 O-O 5. a3 Bxc3+ 6. Qxc3 b6 7. Nf3 h6 8. e3 Bb7 9. Bd3 d5 10. O-O c5
11. cxd5 Nxd5 12. Qc2 Nd7 13. e4 Ne7 14. Be3 cxd4 15. Bxd4 Rc8 16. Qe2 Nc5 17. Rfd1 Nb3 18. Bb5 Nxa1 19. Be5 Rc2 20. Rxd8 Rxd8
21. Qf1 Nb3 22. Ne1 Rc1 23. f3 Rdd1 24. Bc3 Nd2 25. Bxd2 Rxd2 26. b4 Ng6 27. Bc4 Nf4 28. a4 a5
0-1

[Event "2006 Standard Chess Dropout Tournament, Round 1"]
[Site "SchemingMind.com"]
[Date "2005.11.22"]
[Round "1"]
[White "Thomas Payne"]
[Black "sythymesnos"]
[Result "0-1"]
[WhiteCountry "ENG"]
[BlackCountry "FRA"]
[WhiteElo "1381"]
[WhiteRD "96"]
[BlackElo "1854"]
[BlackRD "71"]
[GameID "31061"]

1. e4 c6 2. d4 d5 3. e5 Bf5 4. f4 e6 5. Nf3 Nd7 6. h3 h6 7. Bd3 Bxd3 8. Qxd3 c5 9. dxc5 Nxc5 10. Qb5+ Qd7
11. Qxd7+ Kxd7 12. Nd4 Ne4 13. g4 Bc5 14. c3 Ne7 15. b4 Bb6 16. Be3 Rac8 17. Bd2 Bxd4 18. cxd4 Nc6 19. Bc3 Nxb4 20. a3 Nc2+
21. Kd1 Nxa1 22. Bxa1 Nf2+ 23. Kd2 Nxh1 24. Ke2 Rc1 25. Kd2 Rxb1 26. Bc3 Rc8 27. g5 Rb3 28. gxh6 gxh6
0-1

[Event "2006 Standard Chess Dropout Tournament, Round 1"]
[Site "SchemingMind.com"]
[Date "2005.11.22"]
[Round "1"]
[White "timotheus4"]
[Black "sansubari"]
[Result "0-1"]
[WhiteCountry "USA"]
[BlackCountry "MAS"]
[WhiteElo "1384"]
[WhiteRD "170"]
[BlackElo "1639"]
[BlackRD "71"]
[GameID "31062"]

1. e4 d5 2. exd5 Qxd5 3. Nc3 Qe5+ 4. Be2 Bf5 5. Nf3 Qa5 6. O-O e6 7. b3 c6 8. Bb2 Nf6 9. d3 Qc7 10. Qd2 Bd6
11. Rfe1 Bg4 12. g3 h6 13. h3 Bh5 14. a4 Nbd7 15. Ne4 Nxe4 16. dxe4 f6 17. Rad1 Be7 18. e5 Bxf3 19. Bxf3 Rd8 20. exf6 Nxf6
21. Qxd8+ Bxd8 22. Bxf6 Bxf6 23. Rxe6+ Kf7 24. Red6 Rd8 25. Bh5+ g6 26. Rxd8 Bxd8 27. Bg4 Be7 28. Rd2 h5 29. Be2 Bc5 30. Bc4+ Kf6
31. Kg2 a6 32. h4 b5 33. axb5 axb5 34. Bd3 Qb6 35. c4 b4 36. f4 Bd4 37. Be4 c5 38. Kf3 Qa7 39. Rd3 Qa2 40. Bc6 Qf2+
41. Ke4 Qe2+ 42. Kd5 Qe6#
0-1

[Event "2006 Standard Chess Dropout Tournament, Round 1"]
[Site "SchemingMind.com"]
[Date "2005.11.22"]
[Round "1"]
[White "toguints"]
[Black "renegade"]
[Result "0-1"]
[WhiteCountry "PHI"]
[BlackCountry "ENG"]
[WhiteElo "1439"]
[WhiteRD "73"]
[BlackElo "1634"]
[BlackRD "92"]
[GameID "31063"]

1. c4 g6 2. e3 Bg7 3. d4 b6 4. Nf3 Bb7 5. Nc3 e6 6. b3 Ne7 7. Bd3 O-O 8. O-O d5 9. cxd5 Nxd5 10. Nxd5 Bxd5
11. Bb5 a6 12. Ba3 axb5 13. Bxf8 Bxf8 14. Ne5 Bb4 15. Qd3 c6 16. e4 Bxe4 17. Qxe4 Qd6 18. a3 Bc3 19. Rac1 Bxd4 20. Rfd1 Qxe5
21. Rxd4 Qxe4 22. Rd8+ Kg7 23. f3 Qe3+ 24. Kf1 Qxc1+ 25. Ke2 Rxa3 26. Rxb8 Qc2+ 27. Ke3 Rxb3+ 28. Kf4 Qf5+ 29. Kg3 Qe5+ 30. Kf2 Rb2+
31. Kf1 Qe2+
0-1

[Event "2006 Standard Chess Dropout Tournament, Round 1"]
[Site "SchemingMind.com"]
[Date "2005.11.21"]
[Round "1"]
[White "willy010161"]
[Black "rwc"]
[Result "1-0"]
[WhiteCountry "ARG"]
[BlackCountry "USA"]
[WhiteElo "1836"]
[WhiteRD "132"]
[BlackElo "1698"]
[BlackRD "96"]
[GameID "31065"]

1. e4 e5 2. Nf3 Nf6 3. Bc4 Nxe4 4. Nxe5 d5 5. Bb3 Qg5 6. d4 Qxg2 7. Qf3 Qxf3 8. Nxf3 Bg4 9. Ne5 Bd6 10. Nxg4 c6
11. Nd2 a5 12. Nxe4 dxe4 13. Ne5 O-O 14. Be3 a4 15. Bc4 b5 16. Be2 f6 17. Nxc6 Nxc6 18. Bxb5 Nb4 19. Kd2 a3 20. b3 f5
21. c3 f4 22. cxb4 fxe3+ 23. Kxe3 Rf3+ 24. Kxe4 Rxf2 25. h4 Bxb4 26. Bc4+ Kh8 27. Be6 Re2+ 28. Kd5 Bc3 29. Rac1
1-0

[Event "2006 Standard Chess Dropout Tournament, Round 1"]
[Site "SchemingMind.com"]
[Date "2005.11.21"]
[Round "1"]
[White "willygor"]
[Black "willy010161"]
[Result "0-1"]
[WhiteCountry "ARG"]
[BlackCountry "ARG"]
[WhiteElo "1646"]
[WhiteRD "63"]
[BlackElo "1781"]
[BlackRD "136"]
[GameID "31066"]

1. e4 c5 2. f4 Nc6 3. Bb5 e5 4. Bxc6 dxc6 5. Nf3 exf4 6. d3 Bd6 7. O-O Bg4 8. Qe1 g5 9. e5 Be7 10. Nc3 Nh6
11. h3 Bf5 12. b3 Qd7 13. Bb2 O-O-O 14. Nd1 Rhg8 15. Nf2 g4 16. hxg4 Nxg4 17. Nxg4 Rxg4 18. Nh2 Rdg8 19. Nxg4 Rxg4 20. Rd1 Bh4
21. Qa5 b6 22. Qc3 Qd5 23. Qd2 Bg3 24. d4 Qd8 25. dxc5 Qh4 26. Rf2 f3 27. gxf3 Bxf2+ 28. Kf1 Rg1+ 29. Ke2 Rxd1 30. Qxd1 Bxc5
0-1

[Event "2006 Standard Chess Dropout Tournament, Round 1"]
[Site "SchemingMind.com"]
[Date "2005.11.21"]
[Round "1"]
[White "winkel"]
[Black "Schesser"]
[Result "1-0"]
[WhiteCountry "DEN"]
[BlackCountry "FIN"]
[WhiteElo "2094"]
[WhiteRD "69"]
[BlackElo "1803"]
[BlackRD "272"]
[GameID "31067"]

1. e4 e5 2. Nf3 Nc6 3. Bc4 Bc5 4. Nc3 d6 5. Na4 Bb6 6. Nxb6 axb6 7. d4 exd4 8. Nxd4 Nf6 9. O-O Ne5 10. Be2 Nxe4
11. Bb5+ Kf8 12. Re1 Nf6 13. Bg5 c6 14. f4 Ng6 15. Nxc6 Qc7 16. Nd4 Bd7 17. Bxf6 Bxb5 18. Nxb5 Qc5+ 19. Kh1 gxf6 20. Qxd6+ Kg7
21. Qxc5 bxc5 22. g3 Rhd8 23. Re2 Rd7 24. Kg2 Ne7 25. Kf3 Nc6 26. a4 Nd4+ 27. Nxd4 Rxd4 28. b3 Ra5 29. Rae1 b5 30. axb5 Rxb5
31. Ra1 Kg6 32. Re8 Rb7 33. Rg8+ Kf5 34. Re1 h5 35. h3
1-0

[Event "2006 Standard Chess Dropout Tournament, Round 1"]
[Site "SchemingMind.com"]
[Date "2005.11.21"]
[Round "1"]
[White "Zarra"]
[Black "wilfried"]
[Result "0-1"]
[WhiteCountry "FIN"]
[BlackCountry "GER"]
[WhiteElo "1610"]
[WhiteRD "96"]
[BlackElo "2236"]
[BlackRD "102"]
[GameID "31068"]

1. e4 c5 2. Nf3 d6 3. d4 cxd4 4. Nxd4 Nf6 5. Nc3 a6 6. f3 e5 7. Nb3 Be6 8. Be3 Be7 9. Qd2 h5 10. O-O-O Nbd7
11. Be2 Rc8 12. Kb1 b5 13. Rdf1 Nb6 14. h3 O-O 15. g4 Nc4 16. Bxc4 bxc4 17. Nc1 d5 18. exd5 Nxd5 19. Nxd5 Bxd5 20. c3 Rb8
21. Rhg1 Ba3 22. b4 cxb3 23. Nxb3 Qa5 24. Kc2 Qb5 25. Rb1 Bxf3 26. gxh5 Be4+ 27. Kd1 Rfd8
0-1

[Event "2006 Standard Chess Dropout Tournament, Round 2"]
[Site "SchemingMind.com"]
[Date "2006.03.13"]
[Round "2"]
[White "bluerabbit"]
[Black "Brendan Joseph Birt"]
[Result "0-1"]
[WhiteCountry "NZL"]
[BlackCountry "USA"]
[WhiteElo "1698"]
[WhiteRD "78"]
[BlackElo "1863"]
[BlackRD "117"]
[GameID "42440"]

1. e4 d5 2. exd5 Qxd5 3. Nc3 Qa5 4. d4 Nf6 5. Bd2 c6 6. Bc4 Qc7 7. Nf3 Bg4 8. Qe2 e6 9. O-O-O Bd6 10. Rhe1 Nbd7
11. h3 Bxf3 12. Qxf3 O-O 13. g4 Nb6 14. Bb3 Nbd5 15. Ne2 a5 16. a3 b5 17. g5 Nd7 18. Bxd5 cxd5 19. Nf4 Rfc8 20. c3 b4
21. a4 bxc3 22. bxc3 Nb6 23. Qe2 Bxf4 24. Bxf4 Qxc3+ 25. Kb1 Nxa4
0-1

[Event "2006 Standard Chess Dropout Tournament, Round 2"]
[Site "SchemingMind.com"]
[Date "2006.03.12"]
[Round "2"]
[White "JPT"]
[Black "alevin"]
[Result "1-0"]
[WhiteCountry "INT"]
[BlackCountry "USA"]
[WhiteElo "1766"]
[WhiteRD "76"]
[BlackElo "1415"]
[BlackRD "125"]
[GameID "42442"]

1. e4 e5 2. Bb5 c6 3. Ba4 Nf6 4. Nc3 Bc5 5. Nf3 Qe7 6. O-O O-O 7. Re1 a5 8. d4 exd4 9. Nxd4 b5 10. Bg5 bxa4
11. e5 Bxd4 12. Qxd4 Qb4 13. Qe3 Ng4 14. Qg3 f6 15. exf6 Nxf6 16. Bxf6 Rxf6 17. Re8+ Rf8 18. Rae1
1-0

[Event "2006 Standard Chess Dropout Tournament, Round 2"]
[Site "SchemingMind.com"]
[Date "2006.03.12"]
[Round "2"]
[White "AaronB"]
[Black "thinkfirst29"]
[Result "1-0"]
[WhiteCountry "USA"]
[BlackCountry "USA"]
[WhiteElo "1610"]
[WhiteRD "72"]
[BlackElo "1603"]
[BlackRD "70"]
[GameID "42444"]

1. e4 c5 2. c3 Nf6 3. e5 Nd5 4. d4 cxd4 5. cxd4 e6 6. Nc3 Bb4 7. Bd2 Qa5 8. Nxd5 Bxd2+ 9. Qxd2 Qxd5 10. Nf3 O-O
11. Bd3 Nc6 12. Bc2 b6 13. O-O Bb7 14. Qd3 g6 15. Rfd1 Rac8 16. Bb3 Qa5 17. a3 f5 18. d5 Nb8 19. dxe6 Bxf3 20. exd7+ Kg7
21. dxc8=Q Rxc8 22. gxf3 Nc6 23. Qd7+ Ne7 24. Qxe7+ Kh6 25. Qh4+
1-0

[Event "2006 Standard Chess Dropout Tournament, Round 2"]
[Site "SchemingMind.com"]
[Date "2006.03.14"]
[Round "2"]
[White "AdamMorris"]
[Black "NimbleKnight"]
[Result "0-1"]
[WhiteCountry "ENG"]
[BlackCountry "USA"]
[WhiteElo "1320"]
[WhiteRD "72"]
[BlackElo "1849"]
[BlackRD "105"]
[GameID "42445"]

1. e4 e6 2. Nf3 d5 3. e5 c5 4. c3 Nc6 5. d4 Qb6 6. Na3 cxd4 7. cxd4 Bb4+ 8. Bd2 Bxa3 9. bxa3 Nxd4 10. Nxd4 Qxd4
11. Bb5+ Bd7 12. Bxd7+ Kxd7 13. Rc1 Qxe5+ 14. Be3 Ne7
0-1

[Event "2006 Standard Chess Dropout Tournament, Round 2"]
[Site "SchemingMind.com"]
[Date "2006.03.13"]
[Round "2"]
[White "agarr"]
[Black "qhalid"]
[Result "0-1"]
[WhiteCountry "RUS"]
[BlackCountry "USA"]
[WhiteElo "1711"]
[WhiteRD "66"]
[BlackElo "2133"]
[BlackRD "91"]
[GameID "42446"]

1. e4 c5 2. Bc4 e6 3. Nc3 a6 4. d3 Be7 5. Nf3 b5 6. Bb3 Bb7 7. a3 d5 8. exd5 exd5 9. O-O Nf6 10. a4 b4
11. Ne2 Nc6 12. Bf4 Nh5 13. Bg3 O-O 14. Nf4 Nxf4 15. Bxf4 Bf6 16. Rb1 Re8 17. Re1 Na5 18. Ba2 Rxe1+ 19. Qxe1 Qd7 20. Qd2 Qxa4
21. Bb3 Nxb3 22. cxb3 Qxb3 23. Bd6 Qa2 24. Qc2 Rc8 25. Be5 Bxe5 26. Nxe5 c4 27. d4 f6 28. Nd7 c3 29. Nc5 Bc6 30. Nd3 Be8
31. Nxb4 cxb2 32. Nxa2 Rxc2
0-1

[Event "2006 Standard Chess Dropout Tournament, Round 2"]
[Site "SchemingMind.com"]
[Date "2006.03.13"]
[Round "2"]
[White "agrillage"]
[Black "danielchess"]
[Result "1/2-1/2"]
[WhiteCountry "MLT"]
[BlackCountry "ARG"]
[WhiteElo "2022"]
[WhiteRD "76"]
[BlackElo "2028"]
[BlackRD "100"]
[GameID "42447"]

1. c4 Nf6 2. g3 g6 3. Bg2 Bg7 4. Nc3 O-O 5. d3 e5 6. e4 d6 7. Nge2 c5 8. O-O Nc6 9. f4 Nd4 10. Nxd4 exd4
11. Ne2 Ng4 12. h3 Ne3 13. Bxe3 dxe3 14. Nc3 h5 15. Qe2 h4 16. g4 Qa5 17. Kh1 Bd4 18. Nd5 Qd2 19. Qxd2 exd2 20. Rad1 Bxb2
21. Rxd2 Bg7 22. Nc7 Rb8 23. Nb5 Rd8 24. Nxa7 Bd7 25. f5 Be5 26. g5 Ra8 27. Nb5 Bxb5 28. cxb5 Ra5 29. Bf3 Rxb5 30. fxg6 fxg6
31. Bg4 Rf8 32. Be6+ Kg7 33. Rxf8 Rb1+ 34. Kg2 Kxf8 35. Rf2+=
1/2-1/2

[Event "2006 Standard Chess Dropout Tournament, Round 2"]
[Site "SchemingMind.com"]
[Date "2006.03.12"]
[Round "2"]
[White "albear"]
[Black "Masticore99"]
[Result "1-0"]
[WhiteCountry "ENG"]
[BlackCountry "USA"]
[WhiteElo "1709"]
[WhiteRD "81"]
[BlackElo "1568"]
[BlackRD "75"]
[GameID "42448"]

1. e4 e5 2. Nf3 Nc6 3. d4 exd4 4. Nxd4 Bc5 5. Nxc6 Qf6 6. Qe2 Qxc6 7. Be3 Bxe3 8. Qxe3 Nf6 9. Nc3 O-O 10. Bb5 Qb6
11. Qxb6 axb6 12. O-O c6 13. Bd3 Re8 14. a3 d5 15. exd5 Nxd5 16. Rae1 Be6 17. Nxd5 Bxd5 18. Rxe8+ Rxe8 19. h3 g5 20. c4 Be6
21. Re1 Kf8 22. Re5 f6 23. Re3 h6 24. Bg6 Re7 25. b3 Bf7 26. Bf5 Rxe3 27. fxe3 Ke7 28. Bc8 Kd6 29. Bxb7 Kc5 30. Kf2 b5
31. Kf3 bxc4 32. bxc4 Bxc4 33. Kg4 Bd5 34. g3 Be6+ 35. Kh5 Bxh3 36. Kxh6 Kb6 37. Ba8 c5 38. Kg6 c4 39. Kxf6 c3 40. Be4 Bg2
41. Bc2 Kb5 42. Kxg5 Kc4 43. Kf4 Bf1 44. Ke4 Bg2+ 45. Ke5 Bf1 46. a4 Bd3 47. Bd1 Kb4 48. Kd4 Be2 49. Bc2 Bc4 50. a5 Be2
51. e4 Bc4 52. e5 Bb3 53. Bd3 Kxa5= 54. Kxc3 Be6 55. Kd4 Kb6 56. Bc4 Bg4 57. e6 Bxe6 58. Bxe6 Kc7 59. Ke5 Kd8 60. Kf6 Ke8
61. g4 Kf8 62. g5
1-0

[Event "2006 Standard Chess Dropout Tournament, Round 2"]
[Site "SchemingMind.com"]
[Date "2006.03.13"]
[Round "2"]
[White "Andoni Zabala"]
[Black "bopl"]
[Result "0-1"]
[WhiteCountry "INT"]
[BlackCountry "USA"]
[WhiteElo "1672"]
[WhiteRD "76"]
[BlackElo "1797"]
[BlackRD "109"]
[GameID "42450"]

1. e4 d6 2. d4 Nf6 3. Nc3 c6 4. Bg5 Bg4 5. Be2 Bxe2 6. Ngxe2 e5 7. dxe5 dxe5 8. Qxd8+ Kxd8 9. O-O-O+ Kc7 10. f3 Nbd7
11. g4 h6 12. Bxf6 Nxf6 13. Rd3 Be7 14. Rhd1 a6 15. a3 Rad8 16. h4 Rxd3 17. Rxd3 g6 18. b4 a5 19. Na2 Nd7 20. c4 axb4
21. axb4 Bxh4 22. Kb2 h5 23. Nac3 hxg4 24. fxg4 Nf6 25. b5 Nxg4 26. c5 Be7 27. b6+ Kc8 28. Rf3 Rh7 29. Kb3 Bxc5 30. Na4 Be3
31. Nec3 Kd7 32. Kc4 Ke7 33. Nc5 Bxc5 34. Kxc5 Ke6 35. Rg3 f5 36. Kc4 Rh4 37. Kc5 f4 38. Rd3 Nf6 39. Rd6+ Ke7 40. Rxc6 bxc6
41. Kxc6 Rh1 42. Nd5+ Nxd5 43. exd5 Rc1+ 44. Kb5 f3
0-1

[Event "2006 Standard Chess Dropout Tournament, Round 2"]
[Site "SchemingMind.com"]
[Date "2006.03.13"]
[Round "2"]
[White "AntoniusBloch"]
[Black "harsh"]
[Result "1-0"]
[WhiteCountry "SWE"]
[BlackCountry "IND"]
[WhiteElo "1751"]
[WhiteRD "174"]
[BlackElo "1922"]
[BlackRD "78"]
[GameID "42451"]

1. d4 d5 2. c4 e5 3. dxe5 d4 4. e4 Nc6 5. f4 Nxe5 6. fxe5 Qh4+ 7. Kd2 Qxe4 8. Bd3 Qxg2+ 9. Ne2 Nh6 10. Qg1 Qxg1
11. Rxg1 Nf5 12. Kc2 Be6 13. Bf4 O-O-O 14. Nd2 h6 15. Nb3 g5 16. Ng3 Nh4 17. Bd2 Nf3 18. Rg2 Nxe5 19. Re1 f6 20. Rf2 Be7
21. Nf5 Bxf5 22. Bxf5+ Kb8 23. Nc1 Bd6 24. b3 h5 25. Nd3 c6 26. Nxe5 Bxe5 27. Bxg5 fxg5 28. Rxe5 g4 29. Bg6 h4 30. Rg5 g3
31. hxg3 hxg3 32. Rxg3 Rhg8 33. Rfg2 Rgf8 34. Kd3 c5 35. Be4 Rf7 36. Rg8 Rxg8 37. Rxg8+ Kc7 38. Rh8 Kb6 39. Rh7
1-0

[Event "2006 Standard Chess Dropout Tournament, Round 2"]
[Site "SchemingMind.com"]
[Date "2006.03.17"]
[Round "2"]
[White "Archr"]
[Black "Miquel_Anguís"]
[Result "1-0"]
[WhiteCountry "USA"]
[BlackCountry "ESP"]
[WhiteElo "1607"]
[WhiteRD "84"]
[BlackElo "1370"]
[BlackRD "97"]
[GameID "42452"]

1. e4 d6 2. d4 Nf6 3. Nc3 g6 4. Nf3 Bg7 5. Be2 O-O 6. O-O Bg4 7. Be3 Nc6 8. d5 Bxf3 9. Bxf3 Ne5 10. Be2 c6
11. h4 cxd5 12. Nxd5 Nxe4 13. h5 gxh5 14. Bxh5 Nc4 15. Qg4
1-0

[Event "2006 Standard Chess Dropout Tournament, Round 2"]
[Site "SchemingMind.com"]
[Date "2006.03.12"]
[Round "2"]
[White "ARVO REEDE"]
[Black "JPT"]
[Result "1-0"]
[WhiteCountry "EST"]
[BlackCountry "INT"]
[WhiteElo "1713"]
[WhiteRD "105"]
[BlackElo "1787"]
[BlackRD "73"]
[GameID "42453"]

1. e4 e5 2. Nf3 Nc6 3. Bb5 Nf6 4. O-O Be7 5. Nc3 d6 6. Bxc6+ bxc6 7. d4 exd4 8. Nxd4 Bd7 9. Bg5 O-O 10. Re1 Ng4
11. Bxe7 Qxe7 12. h3 Nh6 13. f4 f6 14. Nf3 Nf7 15. Qd3 c5 16. Nd5 Qd8 17. e5 fxe5 18. fxe5 dxe5 19. Nxe5 Nxe5 20. Rxe5 Be8
21. Qe3 c6 22. Ne7+ Kh8 23. Qxc5 Qb6 24. b4 Qxc5+ 25. Rxc5 Rf6 26. Rf1 Re6 27. Rf8#
1-0